Spirits Rebellious (Record no. 5153)
[ view plain ]
| 000 -LEADER | |
|---|---|
| fixed length control field | 00373 a2200145 4500 |
| 020 ## - INTERNATIONAL STANDARD BOOK NUMBER | |
| International Standard Book Number | Spirits Rebellious |
| 040 ## - CATALOGING SOURCE | |
| Original cataloging agency | DLC |
| Language of cataloging | DLC |
| 082 ## - DEWEY DECIMAL CLASSIFICATION NUMBER | |
| Classification number | 892.78 |
| 100 ## - MAIN ENTRY--PERSONAL NAME | |
| Personal name | Gibran, Kahlil. |
| 245 ## - TITLE STATEMENT | |
| Title | Spirits Rebellious |
| Statement of responsibility, etc. | Kahlil Gibran |
| 260 ## - PUBLICATION, DISTRIBUTION, ETC. | |
| Place of publication, distribution, etc. | Lahore: |
| Name of publisher, distributor, etc. | Service Book Club, |
| Date of publication, distribution, etc. | 1999. |
| 300 ## - PHYSICAL DESCRIPTION | |
| Extent | vi, 120 p. ; |
| Dimensions | 18 cm. |
| 500 ## - GENERAL NOTE | |
| General note | Includes Index |
| 942 ## - ADDED ENTRY ELEMENTS (KOHA) | |
| Koha item type | Book |
| Call number prefix | 892.78 GIB |
| Source of classification or shelving scheme | |
| Withdrawn status | Lost status | Damaged status | Not for loan | Collection code | Permanent Location | Current Location | Shelving location | Date acquired | Source of acquisition | Total Checkouts | Full call number | Barcode | Date last seen | Date last checked out | Price effective from | Koha item type |
|---|---|---|---|---|---|---|---|---|---|---|---|---|---|---|---|---|
| Central Library (CL) | Central Library (CL) | General Stacks | 12/13/2005 | Donation | 4 | 892.78 GIB | SEECS006753 | 12/29/2025 | 12/11/2025 | 01/05/2017 | Book | |||||
| Central Library (CL) | Central Library (CL) | General Stacks | 04/16/2014 | 4 | 892.78 GIB | SEECSD00418 | 12/02/2024 | 01/19/2024 | 01/05/2017 | Book |
